[Event "Kings Head International I"]
[Site "London, Bayswater"]
[Date "1982.02.04"]
[Round "6"]
[White "Formanek, Edward W"]
[Black "Goodman, David SC"]
[Result "0-1"]
[WhiteElo "2330"]
[BlackElo "2345"]
[PlyCount "108"]
[EventDate "1982.01.31"]
[EventType "tourn"]
[EventRounds "9"]
[EventCountry "ENG"]
[EventCategory "4"]

1. e4 g6 2. d4 d6 3. c4 Bg7 4. Nc3 Nf6 5. f3 O-O 6. Be3 Nc6 7. Qd2 Re8 8. Nge2
Rb8 9. d5 Ne5 10. Nd4 c5 11. dxc6 bxc6 12. Be2 c5 13. Ndb5 a6 14. Na3 Nc6 15.
O-O Nd4 16. Rae1 Qa5 17. Nab1 Bb7 18. Bh6 Bh8 19. Bd3 Bc6 20. h3 Qb4 21. Rf2
Nd7 22. f4 Nb6 23. b3 Nd7 24. h4 a5 25. h5 e6 26. Ref1 Qb7 27. Qe3 Nf6 28. hxg6
hxg6 29. f5 exf5 30. Qg3 Nxe4 31. Bxe4 Bxe4 32. Qxd6 Bxb1 33. Rxb1 Qe7 34. Bf4
Qxd6 35. Bxd6 Rbc8 36. Nd5 Kh7 37. g3 g5 38. Kg2 Rc6 39. Rh1+ Kg7 40. Be7 Kg6
41. Rd1 Be5 42. Re1 f6 43. Ref1 Rh8 44. Rd2 g4 45. Bd8 Nf3 46. Ne7+ Kg5 47. Rh1
Rxh1 48. Kxh1 Nxd2 49. Nxc6 Bxg3 50. Bxa5 Ne4 51. a4 f4 52. Bc7 f3 53. Bxg3
Nxg3+ 54. Kg1 Ne2+ 0-1

[Event "Kings Head International I"]
[Site "London, Bayswater"]
[Date "1982.02.04"]
[Round "6"]
[White "Rumens, David Edward"]
[Black "Lancaster, Roger"]
[Result "1-0"]
[WhiteElo "2320"]
[BlackElo "2200"]
[PlyCount "47"]
[EventDate "1982.01.31"]
[EventType "tourn"]
[EventRounds "9"]
[EventCountry "ENG"]
[EventCategory "4"]

1. e4 c5 2. f4 e6 3. Nf3 Nc6 4. Nc3 d5 5. Bb5 Nge7 6. exd5 exd5 7. Qe2 Qd6 8.
d4 Bd7 9. dxc5 Qxc5 10. Be3 Qd6 11. O-O-O O-O-O 12. Bxc6 Bxc6 13. Ne5 Qf6 14.
Bxa7 d4 15. Bb6 Rd6 16. Rxd4 Rxd4 17. Bxd4 Qxf4+ 18. Kb1 Qxd4 19. Rd1 Qb6 20.
Nxf7 Rg8 21. Qe6+ Kb8 22. Na4 Qf2 23. Qe5+ Ka7 24. Qa5+ 1-0

[Event "Kings Head International I"]
[Site "London, Bayswater"]
[Date "1982.02.04"]
[Round "6"]
[White "Schiller, Eric"]
[Black "Tisdall, Jonathan D"]
[Result "0-1"]
[WhiteElo "2230"]
[BlackElo "2410"]
[PlyCount "62"]
[EventDate "1982.01.31"]
[EventType "tourn"]
[EventRounds "9"]
[EventCountry "ENG"]
[EventCategory "4"]

1. e4 c5 2. d4 cxd4 3. c3 dxc3 4. Nxc3 Nc6 5. Nf3 d6 6. Bc4 a6 7. O-O Nf6 8. h3
e6 9. Qe2 Be7 10. Rd1 Qc7 11. a3 O-O 12. b4 b5 13. Bd3 Bb7 14. Bb2 Nd7 15. Rac1
Qb6 16. Kh1 Nce5 17. Nxe5 Nxe5 18. f4 Ng6 19. Qg4 Qf2 20. Ne2 f5 21. exf5 exf5
22. Qg3 Qxg3 23. Nxg3 Nxf4 24. Rc7 Bxg2+ 25. Kh2 Bf6 26. Bxf6 Rxf6 27. Nxf5
Bxh3 28. Be4 Raf8 29. Rg1 Bxf5 30. Rgxg7+ Kh8 31. Bxf5 Rh6+ 0-1

[Event "Kings Head International I"]
[Site "London, Bayswater"]
[Date "1982.02.04"]
[Round "6"]
[White "Whiteley, Andrew J"]
[Black "Laird, Craig"]
[Result "1-0"]
[WhiteElo "2390"]
[BlackElo "2340"]
[PlyCount "51"]
[EventDate "1982.01.31"]
[EventType "tourn"]
[EventRounds "9"]
[EventCountry "ENG"]
[EventCategory "4"]

1. d4 Nf6 2. c4 e6 3. Nc3 d5 4. Nf3 c5 5. cxd5 Nxd5 6. e3 Nc6 7. Bd3 Be7 8. O-O
O-O 9. a3 Nf6 10. dxc5 Bxc5 11. Qc2 Be7 12. Rd1 Qa5 13. Ne4 Qh5 14. b4 Nxe4 15.
Bxe4 Rd8 16. Rxd8+ Nxd8 17. Bb2 f5 18. Qc7 Qe8 19. Bc2 Bd7 20. Bb3 Bf6 21. Bxf6
gxf6 22. Rd1 Bc6 23. Nd4 Kh8 24. Nxc6 Nxc6 25. Rd7 Qh5 26. Qxb7 1-0

[Event "Kings Head International I"]
[Site "London, Bayswater"]
[Date "1982.02.05"]
[Round "7"]
[White "Goodman, David SC"]
[Black "Rumens, David Edward"]
[Result "0-1"]
[WhiteElo "2345"]
[BlackElo "2320"]
[PlyCount "86"]
[EventDate "1982.01.31"]
[EventType "tourn"]
[EventRounds "9"]
[EventCountry "ENG"]
[EventCategory "4"]

1. d4 Nf6 2. c4 e6 3. Nf3 d5 4. Nc3 Be7 5. cxd5 exd5 6. Bg5 O-O 7. e3 b6 8. Rc1
Bb7 9. Bxf6 Bxf6 10. b4 Re8 11. Be2 Be7 12. Qb3 Nd7 13. O-O Nf6 14. Ne5 Bd6 15.
f4 a5 16. b5 Qe7 17. Bf3 Rad8 18. Rc2 Qe6 19. h3 g6 20. g4 Qe7 21. g5 Ne4 22.
Rg2 Bxe5 23. dxe5 Qc5 24. Na4 Qe7 25. Rd1 c5 26. bxc6 Bxc6 27. Bxe4 dxe4 28.
Rgd2 b5 29. Nc3 Rxd2 30. Rxd2 a4 31. Qb2 Rd8 32. Rxd8+ Qxd8 33. Qb4 Qd2 34. Qc5
b4 35. Qxc6 Qxe3+ 36. Kg2 Qf3+ 37. Kg1 Qg3+ 38. Kf1 Qxf4+ 39. Ke1 Qc1+ 40. Ke2
Qc2+ 41. Kf1 Qxc3 42. Qxa4 Qxh3+ 43. Kf2 Qf3+ 0-1

[Event "Kings Head International I"]
[Site "London, Bayswater"]
[Date "1982.02.05"]
[Round "7"]
[White "Laird, Craig"]
[Black "Basman, Michael John"]
[Result "0-1"]
[WhiteElo "2340"]
[BlackElo "2400"]
[PlyCount "82"]
[EventDate "1982.01.31"]
[EventType "tourn"]
[EventRounds "9"]
[EventCountry "ENG"]
[EventCategory "4"]

1. d4 h6 2. e4 g5 3. Ne2 c5 4. c3 d5 5. exd5 Qxd5 6. dxc5 Qxc5 7. Be3 Qc7 8.
Na3 Nc6 9. Nb5 Qb8 10. Ned4 Nf6 11. Qf3 Bd7 12. Qg3 Nd5 13. O-O-O Qxg3 14. hxg3
Nxe3 15. fxe3 Rc8 16. Nxc6 bxc6 17. Nd4 Bg7 18. Bd3 Be5 19. Nf3 Bf6 20. Be4 g4
21. Nd4 Bg5 22. Kd2 c5 23. Nf5 Rd8 24. Ke2 e6 25. Nd6+ Ke7 26. Nb7 Rc8 27. Na5
c4 28. Rd2 Rc5 29. Nb7 Re5 30. Nd6 f5 31. Bc2 Bxe3 32. Nf7 Kxf7 33. Rxd7+ Kg6
34. Rhd1 h5 35. Rb7 h4 36. gxh4 Rxh4 37. Rdd7 Kg5 38. g3 Rh2+ 39. Kf1 Rxc2 40.
Rg7+ Kh5 41. Rb8 Rf2+ 0-1

[Event "Kings Head International I"]
[Site "London, Bayswater"]
[Date "1982.02.05"]
[Round "7"]
[White "Lancaster, Roger"]
[Black "Whiteley, Andrew J"]
[Result "0-1"]
[WhiteElo "2200"]
[BlackElo "2390"]
[PlyCount "66"]
[EventDate "1982.01.31"]
[EventType "tourn"]
[EventRounds "9"]
[EventCountry "ENG"]
[EventCategory "4"]

1. e4 c5 2. f4 g6 3. Nf3 Bg7 4. Nc3 d6 5. Bb5+ Nc6 6. d3 Bd7 7. O-O Nf6 8. Bd2
O-O 9. Bxc6 Bxc6 10. Qe2 Nd7 11. g4 e6 12. Rae1 h6 13. g5 hxg5 14. Nxg5 Nf6 15.
Rf3 Nh5 16. Rh3 Qf6 17. Rf1 Rad8 18. Qg4 Rfe8 19. Rf2 d5 20. f5 exf5 21. exf5
Qd4 22. Nce4 dxe4 23. fxg6 fxg6 24. Ne6 Nf6 25. Qxg6 Rxe6 26. Bc3 Be8 27. Qg5
Qd6 28. Rh6 Rd7 29. Rhxf6 Rxf6 30. Rxf6 Qd5 31. Qg4 exd3 32. cxd3 Qxd3 33. Kg2
Re7 0-1

[Event "Kings Head International I"]
[Site "London, Bayswater"]
[Date "1982.02.05"]
[Round "7"]
[White "Levitt, Jonathan"]
[Black "Schiller, Eric"]
[Result "1/2-1/2"]
[WhiteElo "2295"]
[BlackElo "2230"]
[PlyCount "55"]
[EventDate "1982.01.31"]
[EventType "tourn"]
[EventRounds "9"]
[EventCountry "ENG"]
[EventCategory "4"]

1. d4 d5 2. c4 e6 3. Nc3 c5 4. cxd5 exd5 5. Nf3 Nc6 6. g3 Nf6 7. Bg2 Be7 8. O-O
O-O 9. b3 Ne4 10. Bb2 Bf6 11. Na4 Re8 12. Rc1 cxd4 13. Nxd4 Bxd4 14. Bxd4 Bf5
15. e3 Qd7 16. Ba1 Rad8 17. f3 Nd6 18. Qxd5 Rxe3 19. Rxc6 Rd3 20. Rxd6 Rxd5 21.
Rxd7 R8xd7 22. Nc3 Rd2 23. Re1 h6 24. Bf1 Bd3 25. a4 Bxf1 26. Rxf1 Rc2 27. Ne4
Rd3 28. b4 1/2-1/2

[Event "Kings Head International I"]
[Site "London, Bayswater"]
[Date "1982.02.05"]
[Round "7"]
[White "Tisdall, Jonathan D"]
[Black "Formanek, Edward W"]
[Result "1/2-1/2"]
[WhiteElo "2410"]
[BlackElo "2330"]
[PlyCount "38"]
[EventDate "1982.01.31"]
[EventType "tourn"]
[EventRounds "9"]
[EventCountry "ENG"]
[EventCategory "4"]

1. d4 d5 2. Nf3 Nf6 3. c4 c6 4. Nc3 dxc4 5. a4 Bf5 6. Ne5 e6 7. f3 Bb4 8. e4
Bxe4 9. fxe4 Nxe4 10. Qf3 Qxd4 11. Qxf7+ Kd8 12. Bg5+ Nxg5 13. Qxg7 Bxc3+ 14.
bxc3 Qxc3+ 15. Ke2 Qc2+ 16. Ke3 Qe4+ 17. Kd2 Qf4+ 18. Kc2 Qf2+ 19. Kc1 Qe1+
1/2-1/2

[Event "Kings Head International I"]
[Site "London, Bayswater"]
[Date "1982.02.06"]
[Round "8"]
[White "Formanek, Edward W"]
[Black "Levitt, Jonathan"]
[Result "0-1"]
[WhiteElo "2330"]
[BlackElo "2295"]
[PlyCount "62"]
[EventDate "1982.01.31"]
[EventType "tourn"]
[EventRounds "9"]
[EventCountry "ENG"]
[EventCategory "4"]

1. e4 c5 2. Nf3 e6 3. d4 cxd4 4. Nxd4 Nc6 5. Nc3 Qc7 6. Be2 a6 7. O-O Nf6 8.
Be3 b5 9. a3 Bb7 10. Nxc6 Bxc6 11. Bd3 d5 12. exd5 Nxd5 13. Nxd5 Bxd5 14. Qg4
Bd6 15. Qh4 Qe7 16. Bg5 f6 17. Bd2 g5 18. Qh6 Qf8 19. Qxf8+ Kxf8 20. a4 b4 21.
c3 b3 22. c4 Bc6 23. c5 Be5 24. Bc4 Ke7 25. Rfe1 Bd7 26. Ra3 Rhb8 27. c6 Bxc6
28. Rxb3 Rxb3 29. Bxb3 Rb8 30. Re3 Bd7 31. Bc1 Bf4 0-1

[Event "Kings Head International I"]
[Site "London, Bayswater"]
[Date "1982.02.06"]
[Round "8"]
[White "Lancaster, Roger"]
[Black "Goodman, David SC"]
[Result "0-1"]
[WhiteElo "2200"]
[BlackElo "2345"]
[PlyCount "84"]
[EventDate "1982.01.31"]
[EventType "tourn"]
[EventRounds "9"]
[EventCountry "ENG"]
[EventCategory "4"]

1. e4 g6 2. d4 d6 3. Nc3 Bg7 4. f4 Nc6 5. d5 Nd4 6. Be3 c5 7. Qd2 a6 8. Nge2
Nxe2 9. Bxe2 b5 10. a3 Qc7 11. O-O Nf6 12. e5 Ng4 13. Bxg4 Bxg4 14. e6 Bf5 15.
h3 h5 16. exf7+ Kxf7 17. Bf2 b4 18. Nd1 Bf6 19. c4 bxc3 20. bxc3 Qa5 21. Be1 c4
22. Qe2 Qxd5 23. Nf2 Rab8 24. Rd1 Qc6 25. Qa2 Rb3 26. Rc1 Rhb8 27. Nd1 Bd3 28.
Rf3 Be4 29. Re3 d5 30. Qe2 Qc5 31. Kh2 Qxa3 32. Bd2 Qd6 33. g3 Rb1 34. Rxb1
Bxb1 35. Nf2 a5 36. Rf3 a4 37. g4 hxg4 38. Nxg4 a3 39. Ne5+ Ke8 40. Bc1 a2 41.
Bb2 Be4 42. Rf2 Bxe5 0-1

[Event "Kings Head International I"]
[Site "London, Bayswater"]
[Date "1982.02.06"]
[Round "8"]
[White "Rumens, David Edward"]
[Black "Tisdall, Jonathan D"]
[Result "0-1"]
[WhiteElo "2320"]
[BlackElo "2410"]
[PlyCount "84"]
[EventDate "1982.01.31"]
[EventType "tourn"]
[EventRounds "9"]
[EventCountry "ENG"]
[EventCategory "4"]

1. d4 Nf6 2. e3 d6 3. Bd3 e5 4. Nd2 g6 5. Ngf3 Nbd7 6. b3 Bg7 7. Bb2 O-O 8. O-O
Qe7 9. dxe5 dxe5 10. e4 Nh5 11. Re1 Nf4 12. Bf1 Rd8 13. g3 Ne6 14. Nc4 Nb6 15.
Qe2 Nxc4 16. Qxc4 Nd4 17. Nxd4 exd4 18. f4 c5 19. Qe2 b6 20. Qf2 Bb7 21. Bc4
Kh8 22. f5 Be5 23. Rf1 Bxe4 24. f6 Qc7 25. Rae1 Bb7 26. Bd3 Re8 27. Bc1 Re6 28.
Bg5 a6 29. Be4 Bxg3 30. hxg3 Bxe4 31. Qh2 Rae8 32. Bf4 Qc6 33. Qh6 Rg8 34. Rf2
g5 35. Bxg5 Qd5 36. Bf4 Qf5 37. Qh4 Rg4 38. Qh6 Rxf6 39. Rxe4 Rxh6 40. Be5+ Kg8
41. Rxf5 Rxe4 42. Rg5+ Rg6 0-1

[Event "Kings Head International I"]
[Site "London, Bayswater"]
[Date "1982.02.06"]
[Round "8"]
[White "Schiller, Eric"]
[Black "Laird, Craig"]
[Result "1/2-1/2"]
[WhiteElo "2230"]
[BlackElo "2340"]
[PlyCount "68"]
[EventDate "1982.01.31"]
[EventType "tourn"]
[EventRounds "9"]
[EventCountry "ENG"]
[EventCategory "4"]

1. g3 Nf6 2. Bg2 g6 3. d3 d5 4. c3 Bg7 5. f4 c6 6. Nf3 O-O 7. O-O Qb6+ 8. e3 a5
9. Qe2 Na6 10. d4 Bf5 11. Nbd2 Ne4 12. Nh4 Nxd2 13. Bxd2 Bd7 14. g4 c5 15. a4
Qb3 16. f5 Rad8 17. c4 Bf6 18. g5 Bxg5 19. Nf3 Bf6 20. Bxa5 Bxf5 21. Bxd8 Rxd8
22. cxd5 Bg4 23. Qf2 Bxf3 24. Qxf3 cxd4 25. Ra3 Qxb2 26. exd4 Qxd4+ 27. Kh1 Nc5
28. Re3 Rf8 29. a5 Bg5 30. Ree1 Qb4 31. Re5 Qd2 32. Rf2 Qc1+ 33. Rf1 Qd2 34.
Rf2 Qc1+ 1/2-1/2

[Event "Kings Head International I"]
[Site "London, Bayswater"]
[Date "1982.02.06"]
[Round "8"]
[White "Whiteley, Andrew J"]
[Black "Basman, Michael John"]
[Result "0-1"]
[WhiteElo "2390"]
[BlackElo "2400"]
[PlyCount "114"]
[EventDate "1982.01.31"]
[EventType "tourn"]
[EventRounds "9"]
[EventCountry "ENG"]
[EventCategory "4"]

1. d4 h6 2. e4 g5 3. Bd3 Bg7 4. Ne2 c5 5. dxc5 Qa5+ 6. Nbc3 Qxc5 7. O-O Nc6 8.
Be3 Qa5 9. Bc4 Nf6 10. f3 d6 11. Qd2 Bd7 12. h3 Rc8 13. Bb3 Ne5 14. Nd4 Ng6 15.
Rad1 Nh5 16. Nde2 Be5 17. Bd4 Nhf4 18. Nxf4 Nxf4 19. Bxe5 Qxe5 20. Rfe1 Be6 21.
Bxe6 fxe6 22. Kh1 O-O 23. Qd4 Qxd4 24. Rxd4 Rc5 25. Kh2 Rfc8 26. Rd2 Kf7 27.
Rc1 b5 28. a3 a5 29. Nd1 Ng6 30. Ne3 Ne5 31. Re1 b4 32. axb4 axb4 33. Ree2 Ra8
34. Rd4 Nc6 35. Rc4 Rxc4 36. Nxc4 Ra2 37. Rd2 Kf6 38. b3 h5 39. Kg3 Ne5 40.
Nxe5 Kxe5 41. Kf2 h4 42. Ke3 Ra1 43. Kd3 Kf4 44. Re2 Rb1 45. Kc4 Kg3 46. Kxb4
Rg1 47. e5 Rxg2 48. exd6 exd6 49. Rxe6 Kxh3 50. Rxd6 Kg3 51. f4 Kxf4 52. c4 h3
53. c5 h2 54. Rh6 g4 55. c6 Rc2 56. c7 Kg3 57. Rh7 Rxc7 0-1

[Event "Kings Head International I"]
[Site "London, Bayswater"]
[Date "1982.02.07"]
[Round "9"]
[White "Basman, Michael John"]
[Black "Schiller, Eric"]
[Result "1-0"]
[WhiteElo "2400"]
[BlackElo "2230"]
[PlyCount "55"]
[EventDate "1982.01.31"]
[EventType "tourn"]
[EventRounds "9"]
[EventCountry "ENG"]
[EventCategory "4"]

1. e4 c6 2. d4 d5 3. e5 Bf5 4. g4 Bg6 5. Nh3 e6 6. Nf4 Be7 7. Nd2 Nd7 8. Bg2 c5
9. c4 dxc4 10. O-O cxd4 11. Nxc4 Rc8 12. Qxd4 Nc5 13. Nd6+ Bxd6 14. exd6 Kf8
15. Be3 Nf6 16. Rac1 Nfd7 17. Qc3 a5 18. Bxb7 Rb8 19. Bxc5 Rxb7 20. Bd4 Nf6 21.
g5 Ne8 22. h4 h6 23. Qf3 Be4 24. Nxe6+ Kg8 25. Nxd8 Bxf3 26. Nxb7 hxg5 27. Rc3
Bxb7 28. d7 1-0

[Event "Kings Head International I"]
[Site "London, Bayswater"]
[Date "1982.02.07"]
[Round "9"]
[White "Goodman, David SC"]
[Black "Whiteley, Andrew J"]
[Result "1/2-1/2"]
[WhiteElo "2345"]
[BlackElo "2390"]
[PlyCount "37"]
[EventDate "1982.01.31"]
[EventType "tourn"]
[EventRounds "9"]
[EventCountry "ENG"]
[EventCategory "4"]

1. d4 d5 2. c4 c6 3. Nf3 Nf6 4. e3 g6 5. Nc3 Bg7 6. Qb3 O-O 7. Be2 a5 8. cxd5
Nxd5 9. Bd2 Nb6 10. Ne4 Be6 11. Qc2 Bf5 12. Bd3 N8d7 13. Nc5 Nxc5 14. Bxf5 Ncd7
15. Bxd7 Nxd7 16. O-O e5 17. Bc3 Re8 18. dxe5 Nxe5 19. Nxe5 1/2-1/2

[Event "Kings Head International I"]
[Site "London, Bayswater"]
[Date "1982.02.07"]
[Round "9"]
[White "Laird, Craig"]
[Black "Formanek, Edward W"]
[Result "1-0"]
[WhiteElo "2340"]
[BlackElo "2330"]
[PlyCount "79"]
[EventDate "1982.01.31"]
[EventType "tourn"]
[EventRounds "9"]
[EventCountry "ENG"]
[EventCategory "4"]

1. d4 Nf6 2. Nf3 c5 3. d5 b5 4. Bg5 Ne4 5. Bf4 Qa5+ 6. c3 Bb7 7. Qd3 Nf6 8. e4
e6 9. dxe6 fxe6 10. Qxb5 Qxb5 11. Bxb5 Nxe4 12. Na3 Bd6 13. Be3 Nc6 14. O-O-O
Be7 15. Nc4 O-O-O 16. Bxc6 Bxc6 17. Nce5 Rhf8 18. Nxc6 dxc6 19. Rxd8+ Rxd8 20.
Ne5 Kb7 21. Re1 Rd5 22. Nc4 Nd6 23. Nd2 Nf7 24. Kc2 a6 25. Bf4 e5 26. Nf3 Bf6
27. Be3 c4 28. Nd2 Nd6 29. f3 Ra5 30. Nb1 Kc7 31. Na3 Kd7 32. Ba7 Kc7 33. Bf2
Kd7 34. Re2 Rd5 35. Nb1 Bg5 36. Be1 Bf4 37. h3 h5 38. Na3 g6 39. b3 Ra5 40. Kb2
{time} 1-0

[Event "Kings Head International I"]
[Site "London, Bayswater"]
[Date "1982.02.07"]
[Round "9"]
[White "Levitt, Jonathan"]
[Black "Rumens, David Edward"]
[Result "0-1"]
[WhiteElo "2295"]
[BlackElo "2320"]
[PlyCount "52"]
[EventDate "1982.01.31"]
[EventType "tourn"]
[EventRounds "9"]
[EventCountry "ENG"]
[EventCategory "4"]

1. d4 f5 2. g4 fxg4 3. h3 g3 4. fxg3 c5 5. d5 g6 6. Nf3 Bg7 7. Bg2 Nf6 8. Nc3
O-O 9. Bf4 d6 10. Qd2 b5 11. Ng5 Na6 12. Nxb5 h6 13. Ne6 Bxe6 14. dxe6 g5 15.
Be3 d5 16. c4 Rb8 17. h4 d4 18. Bxg5 hxg5 19. hxg5 Ng4 20. O-O-O Nf2 21. Rh4 d3
22. Rf1 Nb4 23. e3 Qa5 24. Rxf2 Qxa2 25. Rxf8+ Rxf8 26. Kd1 Rf2 0-1

[Event "Kings Head International I"]
[Site "London, Bayswater"]
[Date "1982.02.07"]
[Round "9"]
[White "Tisdall, Jonathan D"]
[Black "Lancaster, Roger"]
[Result "1-0"]
[WhiteElo "2410"]
[BlackElo "2200"]
[PlyCount "81"]
[EventDate "1982.01.31"]
[EventType "tourn"]
[EventRounds "9"]
[EventCountry "ENG"]
[EventCategory "4"]

1. d4 g6 2. e4 d6 3. Nc3 Nf6 4. g3 c6 5. a4 Nbd7 6. Bg2 e5 7. Nge2 a6 8. O-O
Bg7 9. h3 O-O 10. Be3 b6 11. dxe5 dxe5 12. Qd2 Bb7 13. Rad1 b5 14. g4 h6 15.
Bxh6 Bxh6 16. Qxh6 b4 17. Nb1 Qe7 18. Qd2 Nb6 19. b3 Rfd8 20. Qe3 c5 21. Nd2 a5
22. Ng3 Qe6 23. Nf3 c4 24. Nxe5 cxb3 25. cxb3 Ba6 26. Rfe1 Nxa4 27. Nxf7 Rxd1
28. Rxd1 Nc3 29. Nh6+ Kh7 30. Re1 Rd8 31. g5 Nh5 32. Nxh5 gxh5 33. Qc5 Ne2+ 34.
Kh1 Nd4 35. Qxa5 Rd7 36. Nf5 Be2 37. Nxd4 Rxd4 38. Rxe2 Rd1+ 39. Kh2 Qd6+ 40.
e5 Qf8 41. Qa7+ 1-0